| 000 | 01838nam0a2200433 4500 | ||
|---|---|---|---|
| 001 | RU\NLR\bibl\257973 | ||
| 005 | 20250620125026.0 | ||
| 010 |
_a5-89814-068-9 _950000 |
||
| 021 |
_aRU _b2001-60958 _92973 |
||
| 035 | _a(NLR Aleph) 000253712 | ||
| 090 |
_a1480840 _c1480840 |
||
| 100 | _a20020419d2001 |||y0rusy50 ca | ||
| 101 | 0 | _arus | |
| 102 | _aRU | ||
| 105 | _ay ||||||||| | ||
| 200 | 1 |
_a"Са-Фи-Дансе" _eТанцев.-игровая гимнастика для детей _eУчеб.-метод. пособие для педагогов дошк. и шк. учреждений _fЖ. Е. Фирилева, Е. Г. Сайкина |
|
| 210 |
_aСПб. _cДетство-пресс _d2001 |
||
| 215 |
_a321, [2] с., [10] л. ил. _d21 |
||
| 225 | 1 | _aБиблиотека программы "Детство" | |
| 300 | _aНа обл. авт. не указаны | ||
| 320 | _aПеречень танцев, игр и гимнастик: с. 320-322 | ||
| 320 | _aБиблиогр.: с. 318-319 | ||
| 606 | 0 |
_aДошкольники _jМетодические пособия _xМузыкально-ритмическое воспитание _91028353 _3RU\NLR\auth\66393977 |
|
| 610 | 0 | _aГимнастика детская | |
| 610 | 0 | _aМузыкальное воспитание детей | |
| 610 | 0 | _aРитмика (муз.) | |
| 675 |
_a372.363 _v3 _zrus |
||
| 686 |
_a14.23 _2rugasnti |
||
| 686 |
_a74.102 _2rubbk |
||
| 686 | _aЧ411.355.232 | ||
| 700 | 1 |
_aФирилева _bЖ. Е. _gЖанна Евгеньевна _4070 |
|
| 701 | 1 |
_aСайкина _bЕ. Г. _gЕлена Гавриловна _4070 |
|
| 801 | 0 |
_aRU _bRKP _c20020419 _gPSBO |
|
| 801 | 1 |
_aRU _bRKP _c20020419 |
|
| 801 | 2 |
_aRU _bNLR _c20020613 _grcr |
|
| 942 | _cBOOK | ||
| 980 | _aNB | ||